|
|
|
|
| LEADER |
00000nab a2200000 a 4500 |
| 001 |
vtls008876429 |
| 003 |
SK-MaSNL |
| 005 |
20260304150215.0 |
| 008 |
250505c xo 0 slo |
| 015 |
|
|
|a SNBCL2005/5
|
| 035 |
|
|
|a SLK037461
|
| 035 |
|
|
|a urn:nbn:sk:snk-ab2f7e
|
| 035 |
|
|
|a (urnnbn)urn:nbn:sk:snk:ar-a02c4v
|
| 035 |
|
|
|a (uuid)bb2a4004-246a-4e57-8a34-92fbfe386ff5
|
| 040 |
|
|
|a SNKBUCL
|b slo
|c SNKBUCL
|e AACR2
|
| 041 |
0 |
|
|a slo
|b eng
|b slo
|
| 044 |
|
|
|a xo
|c SK
|
| 080 |
|
|
|a 616-006.32.04-085
|2 1981
|
| 100 |
1 |
|
|a Beržinec, Peter,
|d 1958-
|4 aut
|9 202780
|
| 245 |
1 |
0 |
|a Malígny mezotelióm - nové lieky v štúdiach fázy III
|c Peter Beržinec
|
| 300 |
|
|
|b Graf, tab.
|
| 504 |
|
|
|a Res. angl., slov.
|
| 504 |
|
|
|a Bibliogr. odkazy
|
| 650 |
0 |
7 |
|a mezotelióm
|x farmakoterapia
|2 MESH
|9 1442886
|
| 650 |
0 |
7 |
|a lieky klinicky skúšané
|2 MESH
|9 1225949
|
| 650 |
0 |
7 |
|a hodnotenie lieku
|2 MESH
|9 840731
|
| 650 |
0 |
7 |
|a výsledok liečby
|2 MESH
|9 839245
|
| 650 |
0 |
7 |
|a prežívanie
|2 MESH
|9 448523
|
| 650 |
0 |
7 |
|a štúdie klinické, fáza III
|2 MESH
|9 1309517
|
| 711 |
2 |
|
|a Košické chemoterapeutické dni
|n (8. :
|d 2004 :
|c Košice, Slovensko)
|4 aut
|9 92592
|
| 773 |
0 |
|
|t Acta chemotherapeutica
|g Roč. 15 (v čsp. nesprávne 16), č. 3-4 (2006), s. 28-33
|x 1335-0579
|
| 850 |
|
|
|a Slovenská národná knižnica
|
| 852 |
|
|
|a Slovenská národná knižnica
|
| 954 |
|
|
|a odborná, vedecká literatúra pôvodná (slovenská)
|2 lita
|
| 958 |
|
|
|a article27
|
| 958 |
|
|
|a OND
|
| 958 |
|
|
|a EUIPO
|
| 999 |
|
|
|c 2938113
|d 2940043
|